Iowa Geography Quiz - Sudden Death - Statistics

General Stats
  • This quiz has been taken 378 times
  • The average score is 13 of 20
Answers on the Grid
Answers color-coded by a green-red scale on the quiz's grid according to % correct below.
Abraham Lincoln Birthplace
Ames
Cedar Falls
Cedar Rapids
Cedar River
Colorado River
Council Bluffs
Cuyahoga Valley National Park
Davenport
Des Moines
Des Moines River
Dubuque
Effigy Mounds National Monument
Gateway Arch National Park
Great Sand Dunes National Park
Gulf of Mexico
Herbert Hoover Birthplace
Hot Springs National Park
Iowa City
Iowa River
Kansas City
Lake Michigan
Little Bighorn Battlefield National Monument
Loess Hills
Mark Twain National Forest
Mississippi River
Missouri River
Mormon Pioneer National Historic Trail
Ohio River
Omaha
Peoria
Quad Cities
Rocky Mountains
Shenandoah Valley National Park
Sioux City
Sioux Falls
Sonoran Desert
Topeka
Waterloo
Wind Cave National Park
 
Answer Stats
Answer % Correct
Des Moines
88%
Ames
87%
Cedar Rapids
84%
Davenport
84%
Des Moines River
83%
Iowa City
83%
Dubuque
81%
Council Bluffs
78%
Cedar Falls
73%
Iowa River
71%
Waterloo
66%
Mississippi River
65%
Sioux City
62%
Cedar River
60%
Herbert Hoover Birthplace
58%
Quad Cities
55%
Missouri River
52%
Effigy Mounds National Monument
41%
Loess Hills
35%
Mormon Pioneer National Historic Trail
33%
No matching quizzes found
Score Distribution
Percent of People with Each Score
Percentile by Number Answered
Your Score History
You have not taken this quiz